| 000 | 00764nam a2200229 a 4500 | ||
|---|---|---|---|
| 005 | 20241012063751.0 | ||
| 008 | 991125s1991 mx 000 0 spa u | ||
| 020 | _a96880293587 | ||
| 035 | _aUPN01000000521 | ||
| 049 | _aSEP | ||
| 050 | 4 |
_aL227 D375 _bM2.254 |
|
| 110 | 1 |
_aMéxico. _bDirección General de Educación Especial |
|
| 245 | 1 | 3 |
_aLa actividad lúdica y sus implicaciones didácticas en educación especial / _cDirección General de Educación Especial. |
| 260 |
_aMéxico : _bSEP, Dirección General de Educación Especial, _c1991. |
||
| 300 | _a41 p. | ||
| 500 | _aIncluye bibliografía | ||
| 650 | 4 |
_aEducación especial _93029 |
|
| 650 | 4 |
_aJuegos educativos _93952 |
|
| 650 | 4 |
_aNiño, Estudio del _9221 |
|
| 905 | _aLibro | ||
| 999 |
_c521 _d521 |
||